| 000 | 01320nam0a22003131 4500 | ||
|---|---|---|---|
| 001 | rc\4223497 | ||
| 005 | 20260407144850.0 | ||
| 021 |
_aRU _bРг7142-68 |
||
| 021 |
_aRU _b68-74726 |
||
| 035 | _a(NLR Aleph) 008222936 | ||
| 090 |
_a8167667 _c8167667 |
||
| 100 | _a20130416d1968 |||y0rusy50 ca | ||
| 101 | 0 | _arus | |
| 102 | _aRU | ||
| 105 | _ay z ||||| | ||
| 200 | 1 |
_aНаучные основы охраны труда в сланцевой промышленности _fСимпозиум ООН по разработке и использованию горючих сланцев. Секция III |
|
| 210 |
_aТаллин _cБ. и. _d1968 |
||
| 215 |
_a13 с. _d20 |
||
| 300 | _aПеред загл. авт.: И.И. Аккерберг, П.А. Боговский, И.П. Марипуу | ||
| 300 | _aОтпеч. множит. аппаратом | ||
| 700 | 1 |
_aАккерберг _bИ.И. |
|
| 701 | 1 |
_aМарипуу _bИ.П. |
|
| 701 | 1 |
_aБоговский _bП.А. _gПавел Александрович |
|
| 712 | 0 | 2 |
_aООН _bСимпозиум по разработке и использованию горючих сланцев _f1968 _eТаллин _3RU\NLR\AUTH\8810020401 _9538794 |
| 801 | 0 |
_aRU _bNLR _gpsbo |
|
| 801 | 1 |
_aRU _bELAR _2rusmarc |
|
| 852 |
_aNLR _j68-4/22765 |
||
| 942 | _cBOOK | ||
| 980 | _aNB | ||